000 01351nas a2200373 4500
001 BR2011003543
003 BR-BrBNA
005 20231205115357.0
007 ta
008 230509b bl.|||p| |||| 00| 00por d
040 _aBR-BrBNA
_bpor
_cBiblioteca Nacional de Agricultura
041 _a(Pt)
072 _aH20; F62
100 1 _aGrandis, A.
100 1 _aGravena, J.C.
100 1 _aMoraes, M.H.D. de
100 1 _aBrunelli, K.R.
100 1 _aMenten, J.O.M.
100 1 _aSobrinho, C.A.
100 1 _aMatiello, R.R.
100 1 _aCarvalho, R.V.
100 1 _aPavani, J.D.
245 1 _aSeveridade da mancha foliar de diplodia (Stenocarpella macrospora)e sua relação com a incidência do patógeno e a germinação, em grãos de híbridos comerciais e experimentais de milho (Zea mays L.)
246 1 _aSeverity of leaf streak (Stenocarpella macrospora)and its relation with pathogen incidence and germination on grains of commercial and experimental maize hybrids
650 _aMILHO
650 _aZEA MAYS
650 _aMANCHA FOLIAR
650 _aDOENÇA DE PLANTA
650 _aGERMINAÇÃO
650 _aHÍBRIDO
773 0 _tRevista Brasileira de Milho e Sorgo (Brazil)
_xISSN 1676-689X
_g(May-Aug 2008), v. 7(2) p. 129-139
_wBR2011003543
909 _a202311
_bLúcia
_c55
_dLúcia Elande
942 _2AGRIS
_n0
_cANA
999 _c213491
_d213491